| Tag |
First Indicator |
Second Indicator |
Subfields |
| LEADER |
00000cam a2200000 a 4500 |
| 001 |
in00002374009 |
| 005 |
20151109042504.0 |
| 008 |
070820s2007 enkaf b 001 0 eng |
| 020 |
|
|
|a 1847251927 (hbk.)
|
| 020 |
|
|
|a 9781847251923 (hbk.)
|
| 035 |
|
|
|a (OCoLC)ocn166315435
|
| 040 |
|
|
|a UKM
|c UKM
|d IXA
|d TXA
|d UtOrBLW
|
| 049 |
|
|
|a TXAM
|
| 050 |
|
0 |
|a G874
|b .B37 2007
|
| 082 |
0 |
|
|a 919.8904092241
|2 22
|
| 100 |
1 |
|
|a Barczewski, Stephanie L.
|
| 245 |
1 |
0 |
|a Antarctic destinies :
|b Scott, Shackleton and the changing face of heroism /
|c Stephanie Barczeski.
|
| 264 |
|
1 |
|a London ;
|a New York :
|b Hambledon Continuum,
|c 2007.
|
| 300 |
|
|
|a xix, 390 pages, 8 pages of plates :
|b illustrations ;
|c 25 cm.
|
| 336 |
|
|
|a text
|b txt
|2 rdacontent
|
| 337 |
|
|
|a unmediated
|b n
|2 rdamedia
|
| 338 |
|
|
|a volume
|b nc
|2 rdacarrier
|
| 504 |
|
|
|a Includes bibliographical references (pages [313]-378) and index.
|
| 600 |
1 |
0 |
|a Scott, Robert Falcon,
|d 1868-1912.
|
| 600 |
1 |
0 |
|a Shackleton, Ernest Henry,
|c Sir,
|d 1874-1922.
|
| 611 |
2 |
0 |
|a British Antarctic ("Terra Nova") Expedition
|d (1910-1913)
|
| 611 |
2 |
0 |
|a Imperial Trans-Antarctic Expedition
|d (1914-1917)
|
| 650 |
|
0 |
|a Explorers
|z Great Britain
|v Biography.
|
| 651 |
|
0 |
|a Antarctica
|x Discovery and exploration
|x British.
|
| 948 |
|
|
|a cataloged
|b h
|c 2008/4/9
|d c
|e ceaton
|f 12:53:43 pm
|
| 994 |
|
|
|a C0
|b TXA
|
| 999 |
|
|
|a MARS
|
| 999 |
f |
f |
|s 8c93f2fb-86be-3491-b5c3-f4df55e0747f
|i dac5a484-d314-3b45-b2b9-1ca593f6ed41
|t 0
|
| 952 |
f |
f |
|p normal
|a Texas A&M University
|b College Station
|c Sterling C. Evans Library
|s Evans stk
|d Evans: Library Stacks
|t 0
|e G874 .B37 2007
|h Library of Congress classification
|i unmediated -- volume
|m A14836869976
|
| 998 |
f |
f |
|a G874 .B37 2007
|t 0
|l Evans: Library Stacks
|